Statistics for Ultimate "Burg" Geography Quiz

Click here to take the quiz!

General Stats

  • This quiz has been taken 829 times
    (292 since last reset)
  • The average score is 17 of 37

Answer Stats

ClueAnswer% Correct
Capital of ScotlandEdinburgh
98%
City formerly called LeningradSt. Petersburg
96%
South Africa's biggest cityJohannesburg
95%
Site of Nazi war crime trialsNuremberg
88%
Biggest city on the Elbe riverHamburg
88%
Notable Berlin gateBrandenburg
87%
America's "Steel City"Pittsburgh
85%
Where Mozart was bornSalzburg
83%
Bloodiest U.S. Civil War battleGettysburg
81%
Parliamentary capital of the EUStrasbourg
77%
Sweden's second largest cityGothenburg
75%
Judicial capital of the EULuxembourg
64%
Capital of PennsylvaniaHarrisburg
61%
Castle in Switzerland that gives its
name to a historical royal family
Habsburg
55%
Major Russian city in the UralsYekaterinburg
52%
German state: Baden-_________Württemberg
49%
German state: ________-VorpommernMecklenburg
38%
Prussian city annexed by Russia
and renamed Kaliningrad
Königsberg
38%
Germany's oldest universityHeidelberg
37%
Denmark's fourth biggest cityAalborg
34%
Bavaria's biggest cities after
Munich and the above
Augsburg
32%
Major city in the RuhrDuisburg
31%
Canton in western SwitzerlandFribourg
26%
Mountain range is South AfricaDrakensberg
26%
Mississippi city captured by GrantVicksburg
26%
Main island of Norway's SvalbardSpitsbergen
25%
Brooklyn neighborhoodWilliamsburg
25%
Dutch or Belgian provinceLimburg
24%
Bavaria's biggest cities after
Munich and the above
Regensburg
22%
City that makes Jack Daniel's whiskeyLynchburg
19%
Netherlands' sixth biggest cityTilburg
18%
Westernmost Austrian stateVorarlberg
18%
Closest Swedish city to DenmarkHelsingborg
18%
Russian oblast bordering KazakhstanOrenburg
17%
Otto I founded this city's archbishopricMagdeburg
14%
City in Lower Saxony with a
historical influential royal family
Oldenburg
13%
Informal name of NYC's 731 Lexington
Avenue skyscraper: ________ Tower
Bloomberg
9%

Score Distribution

Percentile by Number Answered

Percent of People with Each Score

Your Score History

You have not taken this quiz since the last reset